OF BLOOD AND BONE

Bibliographic Details
Main Author: Roberts, Nora (Author)
Format: Book
Subjects:

MARC

LEADER 00000cam a2200000 7i4500
001 0000278442
005 20210524151246.0
006 a# ###### ###
007 t
008 210524 xxk# ##
020 |a 9780349415000 
090 0 0 |a F   |b ROB 
100 1 |a Roberts, Nora ,   |e author 
245 1 0 |a OF BLOOD AND BONE   |c NORA ROBERTS 
264 0 |a London :   |b Piatkus   |c 2018 
264 0 |c ©2018 
300 |a 477 pages ;   |c 20 cm. 
336 |a text  |2 rdacontent 
337 |a unmediated  |2 rdamedia 
338 |a volume  |2 rdacarrier 
650 0 |a Fiction 
999 |a 00385855   |b BUKU   |c PINJAMAN   |e PERPUSTAKAAN KOMUNITI PETALING JAYA 
999 |a 00392120   |b BUKU   |c PINJAMAN   |e PERPUSTAKAAN KOMUNITI CAW BANDAR UTAMA